Statistics for Summer Olympics - Medalists in Taekwondo

Click here to take the quiz!

General Stats

  • This quiz has been taken 32 times
    (6 since last reset)
  • The average score is 20 of 40

Answer Stats

Olympic Teams% Correct
Germany
100%
China
83%
Japan
83%
South Korea
83%
Thailand
83%
United States
83%
Australia
67%
Chinese Taipei
67%
France
67%
Great Britain
67%
Italy
67%
Jordan
67%
Russia
67%
Spain
67%
Turkey
67%
Venezuela
67%
Argentina
50%
Canada
50%
Colombia
50%
Croatia
50%
Iran
50%
Mexico
50%
Niger
50%
Nigeria
50%
Serbia
50%
Afghanistan
33%
Cuba
33%
Egypt
33%
Israel
33%
Ivory Coast
33%
Russian Olympic Committee
33%
Vietnam
33%
Azerbaijan
17%
Dominican Republic
17%
Gabon
17%
Greece
17%
Kazakhstan
17%
North Macedonia
17%
Tunisia
17%
Uzbekistan
17%

Score Distribution

Percentile by Number Answered

Percent of People with Each Score

Your Score History

You have not taken this quiz since the last reset